000 00626nam a2200193 i 4500
001 93531
003 ES-MaACL
005 20230906181243.0
007 t|
008 050413s1956 sp ||||1| spa d
100 1 _aLópez-Amo, Angel.
_973400
245 1 0 _aSobre el estudio profundo de las revoluciones /
_cAngel López-Amo.
260 _aPamplona :
_bStudium Generale,
_c1956.
300 _a34 p. ;
_c18 cm.
490 1 _aPublicaciones del Estudio General del Navarra ;
_v6
830 0 _aPublicaciones del Estudio General del Navarra ;
_v6
_9232101
852 _aES-MaACL
_j1996-F-16
_bR.40395
999 _c93531
_d93531